La regla de la ventaja para el concebido en el Derecho Civil chileno
Gespeichert in:
| 1. Verfasser: | |
|---|---|
| Format: | Buch |
| Sprache: | Spanisch |
| Veröffentlicht: |
Santiago, Chile:
Legal Publishing Chile; Thomson Reuters,
2011.
|
| Ausgabe: | 1a. edición. |
| Schlagworte: | |
| Tags: |
Tag hinzufügen
Keine Tags, Fügen Sie den ersten Tag hinzu!
|
MARC
| LEADER | 00000cam a2200000 a 4500 | ||
|---|---|---|---|
| 001 | UCG8567 | ||
| 003 | CL-VaPUC | ||
| 005 | 20220822114402.0 | ||
| 008 | 111216e20111100CL |||||||||||||||||spa|d | ||
| 999 | |c 346174 |d 346172 | ||
| 020 | |a 978-956-346-081-0 | ||
| 040 | |c Pontificia Universidad Católica de Valparaíso | ||
| 082 | 0 | 4 | |a 344.041 HEN 2011 |2 21 |
| 100 | |a Henríquez Herrera, Ian |e autor |9 782257 | ||
| 245 | 1 | 3 | |a La regla de la ventaja para el concebido en el Derecho Civil chileno |
| 250 | |a 1a. edición. | ||
| 260 | |a Santiago, Chile: |b Legal Publishing Chile; |b Thomson Reuters, |c 2011. | ||
| 300 | |a XII, 299 páginas. | ||
| 500 | |a c.2 Donación Familia Prof. Alejandro Guzmán Brito. | ||
| 583 | |a last modification |c 20111216 11:30:00 |k Rodrigo Vera | ||
| 650 | 0 | |a Derecho a la vida |9 337220 | |
| 650 | 0 | |a Derecho civil |9 255013 | |
| 650 | 0 | |a Bioética |9 256117 | |
| 942 | |c BK |2 ddc |n 0 | ||
| 945 | |d 20111216 00:00:00 |a dcastane | ||
| 952 | |0 0 |1 0 |2 ddc |4 0 |6 344_041000000000000_HEN_2011 |7 0 |8 A |9 446755 |a BIBDER |b BIBDER |d 2019-11-22 |i 4815882 |o 344.041 HEN 2011 |p 4815882 |r 2023-01-25 |w 2019-11-22 |y BK |k DER | ||
| 952 | |0 0 |1 0 |2 ddc |4 0 |6 344_041000000000000_HEN_2011 |7 1 |8 C_AGB |9 580686 |a BIBDER |b BIBDER |d 2022-01-19 |e Donación |i 564030K |o 344.041 HEN 2011 |p 564030K |r 2023-01-25 |t 2 |w 2022-01-19 |y BK_US |k AGB | ||